000 00313 a2200157 4500
001 193131
020 _a978-85-262-5726-9
040 _cMagnum
100 _aWilliams, Sam
240 1 0 _aDiga paz
_lpor
245 1 0 _aDiga paz
300 _a24
362 0 _a2015
697 _aLITERATURA INFANTIL
942 _cBK
999 _c193131
_d193131